000 00309nam a2200121Ia 4500
008 191201s2009 xx 000 0 und d
100 _aGUPTA,S.L.
245 0 _aBusiness Policy and Strategic Analysis MBA-2.31DE SEM-3
260 _aN. Delhi
_bVikas Pub
_c2009
300 _a316
650 _aMBA
942 _2ddc
_cBK
999 _c248
_d248